skbl

Dr Suryya Kumar Bhuyan Library Web-OPAC
ডঃ সূৰ্য্য
কুমাৰ ভূঞা পুথিভঁৰাল ৱেব-অ'পেক

All Research Scholars are advised to clear the annual library fees to continue using Library Resources, Remote Access, Plagiarism Test and Library Clearance.

Cotton University Book Fair 2026

Ajaat Satru / (Record no. 4807)

MARC details
000 -LEADER
fixed length control field 00641nam a2200265Ia 4500
001 - CONTROL NUMBER
control field 4820
005 - DATE AND TIME OF LATEST TRANSACTION
control field 20240113233801.0
007 - PHYSICAL DESCRIPTION FIXED FIELD--GENERAL INFORMATION
fixed length control field ta
008 - FIXED-LENGTH DATA ELEMENTS--GENERAL INFORMATION
fixed length control field 050615s g b000 u hin u
020 ## - INTERNATIONAL STANDARD BOOK NUMBER
Terms of availability HB
040 ## - CATALOGING SOURCE
Original cataloging agency Cotton College Assam
041 ## - LANGUAGE CODE
Language code of text/sound track or separate title hin
082 ## - DEWEY DECIMAL CLASSIFICATION NUMBER
Classification number 891.432
Item number P 886 Aj
100 ## - MAIN ENTRY--PERSONAL NAME
Personal name Prasad, J.N. .
245 #0 - TITLE STATEMENT
Title Ajaat Satru /
Statement of responsibility, etc. J.N.Prasad.
Medium Textual Documents
250 ## - EDITION STATEMENT
Edition statement 1st ed. /
260 ## - PUBLICATION, DISTRIBUTION, ETC.
Place of publication, distribution, etc. Allahabad :
Name of publisher, distributor, etc. Bharati Bhandar ,
Date of publication, distribution, etc. Nd.
300 ## - PHYSICAL DESCRIPTION
Extent 125p. ;
Dimensions 16cm.
653 ## - INDEX TERM--UNCONTROLLED
Uncontrolled term Hindi drama
653 ## - INDEX TERM--UNCONTROLLED
Uncontrolled term Gen-Hindi
942 ## - ADDED ENTRY ELEMENTS (KOHA)
Source of classification or shelving scheme Dewey Decimal Classification
Koha item type Books
Holdings
Withdrawn status Lost status Damaged status Not for loan Collection Home library Current library Date acquired Coded location qualifier Total checkouts Full call number Barcode Date last seen Copy number Price effective from Koha item type
          Dr. Suryya Kumar Bhuyan Library Dr. Suryya Kumar Bhuyan Library 01/02/2012 00000   891.432 P 886 Aj 24566 13/01/2024 2 01/02/2012 Books
          Dr. Suryya Kumar Bhuyan Library Dr. Suryya Kumar Bhuyan Library 01/02/2012 00000   891.432 P 886 Aj 21/Hindi 13/01/2024 1 01/02/2012 Books

Designed and Maintained by Team SKBL
©1901-2026

Powered by Koha